书目信息 |
| 题名: |
量子力学 卷2
|
|
| 作者: | 曾谨言 著 | |
| 分册: | ||
| 出版信息: | 北京 科学出版社 2000.07 |
|
| 页数: | 742页 | |
| 开本: | 32开 | |
| 丛书名: | ||
| 单 册: | ||
| 中图分类: | O413.1 | |
| 科图分类: | ||
| 主题词: | 理论物理学 | |
| 电子资源: | ||
| ISBN: | 7-03-008188-9 | |
| 000 | 00535nam0 2200193 45 | |
| 001 | 0012101571 | |
| 005 | 20001210151231.4 | |
| 010 | @a7-03-008188-9@d48.00元 | |
| 100 | @a20001210d2000 km y0chiy0120 ea | |
| 101 | 0 | @achi |
| 105 | @a z 000yy | |
| 200 | 1 | @a量子力学 卷2@ALiang Zi Li Xue Juan 2@f曾谨言著@FCeng Jin Yan Zhu |
| 210 | @a北京@c科学出版社@d2000.07 | |
| 215 | @a742页@d32开 | |
| 606 | 0 | @a理论物理学 |
| 690 | @aO413.1@v3 | |
| 701 | 0 | @a曾谨言@4著 |
| 801 | @aCN@bPftUser@c20001210 | |
| 905 | @b303042-043@dO413.1@eZ915:2@f2 | |
| 量子力学 卷2/曾谨言著.-北京:科学出版社,2000.07 |
| 742页;32开 |
| ISBN 7-03-008188-9:48.00元 |
| ● |
| 相关链接 |
|
|
|
正题名:量子力学卷2
索取号:O413.1/Z915:2
 
预约/预借
| 序号 | 登录号 | 条形码 | 馆藏地/架位号 | 状态 | 备注 |
| 1 | 303042 | 203030424 | 期刊室512/401自科库 57排7列3层/ [索取号:O413.1/Z915:2] | 在馆 | |
| 2 | 303043 | 203030433 | 自科库401/401自科库 57排7列3层/ [索取号:O413.1/Z915:2] | 在馆 |